[Event "Masters de Can Picafort 2008"]
[Site "Can Picafort ESP"]
[Date "2008.10.20"]
[Round "1.2"]
[White "Galego, Luis"]
[Black "Movsziszian, Karen"]
[Result "1/2-1/2"]
[WhiteElo "2484"]
[BlackElo "2558"]
[PlyCount "39"]
[EventDate "2008.10.23"]
[EventCountry "ESP"]
[Source "lmi"]
[SourceDate "2008.10.20"]

1. Nf3 Nf6 2. g3 g6 3. Bg2 Bg7 4. O-O O-O 5. d4 d5 6. c4 c6 7. cxd5 cxd5 8. Nc3
Ne4 9. Qb3 Nxc3 10. bxc3 Nc6 11. Nd2 e6 12. e4 Na5 13. Qb4 b6 14. exd5 exd5 15.
Re1 Be6 16. Nf3 Rc8 17. Bg5 Qc7 18. Rac1 Rfe8 19. Bf4 Qc4 20. Qb2 1/2-1/2

[Event "Masters de Can Picafort 2008"]
[Site "Can Picafort ESP"]
[Date "2008.10.20"]
[Round "1.3"]
[White "Mascaro March, Pedro"]
[Black "Pena Gomez, Manuel"]
[Result "1-0"]
[WhiteElo "2354"]
[BlackElo "2467"]
[PlyCount "185"]
[EventDate "2008.10.23"]
[EventCountry "ESP"]
[Source "lmi"]
[SourceDate "2008.10.20"]

1. d4 Nf6 2. c4 g6 3. Nc3 Bg7 4. Nf3 O-O 5. Bg5 c5 6. e3 Na6 7. Be2 h6 8. Bh4
d6 9. O-O Bf5 10. a3 Rc8 11. b4 g5 12. Bg3 Ne4 13. Nxe4 Bxe4 14. Ra2 cxb4 15.
axb4 Nxb4 16. Rxa7 e5 17. Nd2 Bc2 18. Qc1 Qb6 19. Ra3 exd4 20. exd4 Bxd4 21. h4
Rfe8 22. Bh5 Bd3 23. Re1 Be2 24. Bxe2 Rxe2 25. Rf3 Bxf2+ 26. Bxf2 Rxf2 27. Rxf2
Nd3 28. c5 Qa7 29. Qc3 Nxf2 30. Kxf2 Rxc5 31. Qd4 Qa2 32. Ra1 Rf5+ 33. Kg1 Rd5
34. Rxa2 Rxd4 35. Nf3 Rd5 36. Rb2 b5 37. Kf2 Kg7 38. Ke3 Kg6 39. Nd4 Re5+ 40.
Kf3 Rd5 41. Ke4 Re5+ 42. Kf3 Rd5 43. Nxb5 f5 44. Rb4 Kh5 45. Nd4 Ra5 46. hxg5
hxg5 47. Rb5 Ra3+ 48. Kf2 Ra2+ 49. Kg1 Kg4 50. Nxf5 Rd2 51. Rd5 Ra2 52. Nxd6
Kf4 53. Nc4 g4 54. Rd4+ Kg3 55. Ne3 Ra1+ 56. Rd1 Ra5 57. Nf5+ Kf4 58. Rf1+ Kg5
59. Ng3 Ra8 60. Ne4+ Kh4 61. Kh2 Ra4 62. g3+ Kh5 63. Rf4 Ra2+ 64. Nf2 Rb2 65.
Kg2 Ra2 66. Rf5+ Kg6 67. Rd5 Rb2 68. Kf1 Rb1+ 69. Ke2 Rb4 70. Ke3 Ra4 71. Nd3
Ra3 72. Ke4 Rc3 73. Nf4+ Kf6 74. Rd6+ Kf7 75. Rd3 Rc5 76. Nd5 Ke6 77. Ne3 Ra5
78. Nxg4 Ra4+ 79. Kf3 Ra5 80. Ne3 Kf6 81. g4 Kg6 82. Rd6+ Kf7 83. Kf4 Ke7 84.
Nf5+ Kf7 85. Kg5 Ra7 86. Rb6 Ra4 87. Kh5 Ra1 88. g5 Rh1+ 89. Kg4 Rg1+ 90. Ng3
Kg7 91. Kf4 Ra1 92. Ne4 Kg8 93. g6 1-0

[Event "Masters de Can Picafort 2008"]
[Site "Can Picafort ESP"]
[Date "2008.10.21"]
[Round "2.2"]
[White "Movsziszian, Karen"]
[Black "Mascaro March, Pedro"]
[Result "1/2-1/2"]
[WhiteElo "2558"]
[BlackElo "2354"]
[PlyCount "31"]
[EventDate "2008.10.23"]
[EventCountry "ESP"]
[Source "lmi"]
[SourceDate "2008.10.20"]

1. g3 d5 2. Bg2 c6 3. Nf3 Nf6 4. O-O Bg4 5. d3 Nbd7 6. Nbd2 e6 7. h3 Bxf3 8.
Nxf3 Bc5 9. b3 O-O 10. Bb2 Qe7 11. a3 e5 12. e3 Rfe8 13. b4 Bb6 14. c4 e4 15.
dxe4 dxe4 16. Nd2 1/2-1/2

[Event "Masters de Can Picafort 2008"]
[Site "Can Picafort ESP"]
[Date "2008.10.21"]
[Round "3.1"]
[White "Galego, Luis"]
[Black "Mellado Trivino, Juan"]
[Result "1/2-1/2"]
[WhiteElo "2484"]
[BlackElo "2434"]
[PlyCount "52"]
[EventDate "2008.10.23"]
[EventCountry "ESP"]
[Source "lmi"]
[SourceDate "2008.10.20"]

1. c4 g6 2. Nc3 Bg7 3. g3 c5 4. Bg2 Nc6 5. e3 e5 6. Nge2 Nge7 7. O-O d6 8. h3
O-O 9. d3 Be6 10. Nd5 Qd7 11. Kh2 f5 12. a3 Bf7 13. Nec3 Nxd5 14. Nxd5 Ne7 15.
b4 Nxd5 16. cxd5 cxb4 17. axb4 Qb5 18. Ra4 Rfc8 19. Qb3 e4 20. dxe4 Rc3 21. Qa2
Rac8 22. Ra5 Qd3 23. Ra3 fxe4 24. Rxc3 Bxc3 25. Qxa7 Bxd5 26. Qa4 Bc6 1/2-1/2

[Event "Masters de Can Picafort 2008"]
[Site "Can Picafort ESP"]
[Date "2008.10.21"]
[Round "3.2"]
[White "Mascaro March, Pedro"]
[Black "Moskalenko, Viktor"]
[Result "1/2-1/2"]
[WhiteElo "2354"]
[BlackElo "2568"]
[PlyCount "45"]
[EventDate "2008.10.23"]
[EventCountry "ESP"]
[Source "lmi"]
[SourceDate "2008.10.20"]

1. d4 Nf6 2. c4 e5 3. dxe5 Ng4 4. e6 dxe6 5. Qxd8+ Kxd8 6. h3 Ne5 7. b3 Bb4+ 8.
Bd2 Bxd2+ 9. Nxd2 Nbc6 10. O-O-O Ke7 11. f4 Nd7 12. Ne4 b6 13. g3 Bb7 14. Bg2
Na5 15. Bf3 Bxe4 16. Bxe4 Rad8 17. Bf3 e5 18. e3 Nc5 19. Ne2 e4 20. Bg2 Nd3+
21. Kc2 f5 22. a3 g6 23. Rhf1 1/2-1/2

[Event "Masters de Can Picafort 2008"]
[Site "Can Picafort ESP"]
[Date "2008.10.21"]
[Round "3.3"]
[White "Pena Gomez, Manuel"]
[Black "Movsziszian, Karen"]
[Result "0-1"]
[WhiteElo "2467"]
[BlackElo "2558"]
[PlyCount "108"]
[EventDate "2008.10.23"]
[EventCountry "ESP"]
[Source "lmi"]
[SourceDate "2008.10.20"]

1. e4 g6 2. d4 Bg7 3. Nc3 e6 4. g3 b5 5. Bg2 d6 6. a3 a6 7. h3 Nd7 8. Nf3 e5 9.
O-O Qe7 10. Bg5 Ngf6 11. Qd2 Bb7 12. Bh6 O-O 13. Rad1 Rfe8 14. Bxg7 Kxg7 15.
Rfe1 Nb6 16. b3 a5 17. Qe3 Nfd7 18. Bf1 b4 19. axb4 axb4 20. Nb1 c5 21. dxc5
Nxc5 22. c3 Nbd7 23. Nfd2 Nf6 24. Bg2 Ba6 25. Nf1 Reb8 26. c4 Bb7 27. Nbd2 Ra2
28. f4 Rba8 29. f5 Rc2 30. Rc1 Raa2 31. Rxc2 Rxc2 32. Ra1 h6 33. Qe1 Qc7 34.
Ne3 Rxd2 35. Qxd2 Nxb3 36. Qd1 Nxa1 37. Qxa1 Qb6 38. Kf2 Bxe4 39. Bxe4 Nxe4+
40. Kf3 Nd2+ 41. Ke2 Nxc4 42. Nd5 Qb5 43. Nc7 Qc6 44. Ne6+ fxe6 45. Qa7+ Kf6
46. Qb8 Qg2+ 47. Kd3 Nb2+ 48. Ke3 Qxg3+ 49. Ke2 Qg2+ 50. Ke1 Nd3+ 51. Kd1 Kxf5
52. Qf8+ Ke4 53. Qxd6 Qg1+ 54. Kc2 Qc5+ 0-1

[Event "Masters de Can Picafort 2008"]
[Site "Can Picafort ESP"]
[Date "2008.10.22"]
[Round "4.3"]
[White "Galego, Luis"]
[Black "Mascaro March, Pedro"]
[Result "1/2-1/2"]
[WhiteElo "2484"]
[BlackElo "2354"]
[PlyCount "69"]
[EventDate "2008.10.23"]
[EventCountry "ESP"]
[Source "lmi"]
[SourceDate "2008.10.20"]

1. e4 e5 2. Nf3 d6 3. d4 exd4 4. Nxd4 Nf6 5. Nc3 Be7 6. Qf3 O-O 7. Nf5 Bxf5 8.
Qxf5 c6 9. Bd3 Nbd7 10. O-O g6 11. Qh3 Nc5 12. Bh6 Re8 13. Rad1 Nxd3 14. Rxd3
Nd7 15. Bf4 Nc5 16. Rd2 Qb6 17. b3 Bf6 18. Re2 Bxc3 19. Qxc3 Nxe4 20. Qb2 d5
21. Rfe1 Re6 22. Bh6 f6 23. Be3 Qb4 24. Bd4 Rae8 25. f3 Ng5 26. c3 Qd6 27. Bxa7
Rxe2 28. Rxe2 Rxe2 29. Qxe2 Kf7 30. Be3 Ne6 31. Qd2 Qe5 32. b4 Qf5 33. h4 h5
34. a4 g5 35. hxg5 1/2-1/2

[Event "Masters de Can Picafort 2008"]
[Site "Can Picafort ESP"]
[Date "2008.10.23"]
[Round "5.1"]
[White "Mascaro March, Pedro"]
[Black "Mellado Trivino, Juan"]
[Result "1/2-1/2"]
[WhiteElo "2354"]
[BlackElo "2434"]
[PlyCount "43"]
[EventDate "2008.10.23"]
[EventCountry "ESP"]
[Source "lmi"]
[SourceDate "2008.10.20"]

1. d4 f5 2. Nc3 Nf6 3. Bg5 e6 4. e4 fxe4 5. Bxf6 Qxf6 6. Nxe4 Qh6 7. Nf3 Nc6 8.
c3 Be7 9. Bb5 O-O 10. O-O d6 11. Qd2 Qh5 12. Bd3 Bd7 13. Rfe1 Rae8 14. Neg5
Bxg5 15. Qxg5 Qxg5 16. Nxg5 h6 17. Nf3 Rf6 18. Bc4 Na5 19. Bd3 Ref8 20. Re2 Nc6
21. Rae1 g5 22. Nxg5 1/2-1/2

[Event "Masters de Can Picafort 2008"]
[Site "Can Picafort ESP"]
[Date "2008.10.23"]
[Round "5.2"]
[White "Pena Gomez, Manuel"]
[Black "Galego, Luis"]
[Result "1/2-1/2"]
[WhiteElo "2467"]
[BlackElo "2484"]
[PlyCount "79"]
[EventDate "2008.10.23"]
[EventCountry "ESP"]
[Source "lmi"]
[SourceDate "2008.10.20"]

1. e4 c5 2. Nf3 e6 3. d4 cxd4 4. Nxd4 a6 5. Bd3 Nf6 6. O-O d6 7. c4 g6 8. Nc3
Bg7 9. Be3 O-O 10. Qd2 Nbd7 11. Rac1 Re8 12. Nb3 d5 13. cxd5 exd5 14. Nxd5 Nxd5
15. exd5 Nf6 16. Rfd1 Bg4 17. f3 Nxd5 18. Bc4 Rxe3 19. Qf2 Re5 20. fxg4 b5 21.
Bxd5 Rxd5 22. Qf3 Qb6+ 23. Kh1 Rxd1+ 24. Rxd1 Rd8 25. Rf1 Qf6 26. Qxf6 Bxf6 27.
Nc5 Bxb2 28. Nxa6 Rd2 29. Rb1 Kg7 30. g3 Kf6 31. Nc5 Ke7 32. a4 bxa4 33. Nxa4
Bd4 34. Nb6 Kf6 35. Nc4 Rc2 36. Nd6 Ke6 37. Rd1 Be5 38. Ne4 f6 39. Nd2 Rc3 40.
Nf1 1/2-1/2

[Event "Masters de Can Picafort 2008"]
[Site "Can Picafort ESP"]
[Date "2008.10.23"]
[Round "5.3"]
[White "Movsziszian, Karen"]
[Black "Moskalenko, Viktor"]
[Result "1/2-1/2"]
[WhiteElo "2558"]
[BlackElo "2568"]
[PlyCount "42"]
[EventDate "2008.10.23"]
[EventCountry "ESP"]
[Source "lmi"]
[SourceDate "2008.10.20"]

1. d4 Nf6 2. Nf3 d5 3. c4 c6 4. cxd5 cxd5 5. Bf4 Nc6 6. Nc3 e6 7. e3 Bd6 8.
Bxd6 Qxd6 9. Bd3 O-O 10. O-O e5 11. dxe5 Nxe5 12. Nxe5 Qxe5 13. Be2 Be6 14. Qd4
Qxd4 15. exd4 Rac8 16. h3 h6 17. Rac1 Rfd8 18. Rfd1 Kf8 19. g4 g5 20. f3 Ne8
21. Kf2 Nd6 1/2-1/2

[Event "Masters de Can Picafort 2008"]
[Site "Can Picafort ESP"]
[Date "2008.10.23"]
[Round "6.1"]
[White "Mellado Trivino, Juan"]
[Black "Moskalenko, Viktor"]
[Result "1/2-1/2"]
[WhiteElo "2434"]
[BlackElo "2568"]
[PlyCount "41"]
[EventDate "2008.10.23"]
[EventCountry "ESP"]
[Source "lmi"]
[SourceDate "2008.10.20"]

1. e4 e6 2. d4 d5 3. exd5 exd5 4. Bd3 Nc6 5. c3 Bd6 6. Qf3 Nge7 7. Ne2 Be6 8.
Bf4 Ng6 9. Bxd6 Qxd6 10. Qg3 O-O-O 11. Qxd6 Rxd6 12. Nd2 Nce7 13. O-O-O Bf5 14.
Nf1 Rf6 15. f3 Nh4 16. Ne3 Bxd3 17. Rxd3 h5 18. f4 c6 19. g3 Nhf5 20. Re1 Nxe3
21. Rxe3 1/2-1/2

[Event "Masters de Can Picafort 2008"]
[Site "Can Picafort ESP"]
[Date "2008.10.23"]
[Round "6.3"]
[White "Pena Gomez, Manuel"]
[Black "Mascaro March, Pedro"]
[Result "1/2-1/2"]
[WhiteElo "2467"]
[BlackElo "2354"]
[PlyCount "25"]
[EventDate "2008.10.23"]
[EventCountry "ESP"]
[Source "lmi"]
[SourceDate "2008.10.20"]

1. c4 Nf6 2. Nc3 e6 3. e4 c5 4. e5 Ng8 5. Nf3 Nc6 6. Be2 Nge7 7. O-O Nf5 8. d4
Nfxd4 9. Nxd4 Nxd4 10. Be3 Nf5 11. Bg4 Nxe3 12. fxe3 Be7 13. Qf3 1/2-1/2

[Event "Masters de Can Picafort 2008"]
[Site "Can Picafort ESP"]
[Date "2008.10.24"]
[Round "7.1"]
[White "Pena Gomez, Manuel"]
[Black "Mellado Trivino, Juan"]
[Result "1-0"]
[WhiteElo "2467"]
[BlackElo "2434"]
[PlyCount "113"]
[EventDate "2008.10.23"]
[EventCountry "ESP"]
[Source "lmi"]
[SourceDate "2008.10.20"]

1. g3 d5 2. Bg2 Nf6 3. Nf3 Bg4 4. O-O Nbd7 5. c4 e6 6. cxd5 exd5 7. Qb3 Bxf3 8.
Bxf3 Nc5 9. Qc2 Be7 10. b3 O-O 11. Bg2 c6 12. d3 a5 13. Bb2 a4 14. b4 Ne6 15.
a3 Qb6 16. Nc3 Qa7 17. Rad1 Rfd8 18. e4 Nd4 19. Qb1 dxe4 20. dxe4 Ng4 21. h3
Ne5 22. Kh1 Nc4 23. Nd5 cxd5 24. Bxd4 Qa6 25. Qa1 dxe4 26. Bxe4 Bf8 27. Kh2
Rac8 28. Bf5 Rb8 29. Qc3 b5 30. Rfe1 Rd5 31. Be4 Rd7 32. Bf5 Rd5 33. Be4 Rd7
34. Be5 Rxd1 35. Rxd1 Re8 36. f4 g6 37. Bd5 Qb6 38. Qf3 Qe3 39. Qxe3 Nxe3 40.
Rd3 Nc4 41. Bxc4 bxc4 42. Rc3 Bg7 43. Bxg7 Kxg7 44. Kg2 Re1 45. Kf3 Ra1 46. Ke4
Kf6 47. Kd5 Kf5 48. b5 Rb1 49. Kxc4 Ke4 50. Kc5 h5 51. b6 h4 52. gxh4 Kxf4 53.
Rc4+ Ke5 54. Rxa4 f5 55. Rb4 Rc1+ 56. Kb5 Rc8 57. b7 1-0

[Event "Masters de Can Picafort 2008"]
[Site "Can Picafort ESP"]
[Date "2008.10.24"]
[Round "7.2"]
[White "Mascaro March, Pedro"]
[Black "Movsziszian, Karen"]
[Result "1/2-1/2"]
[WhiteElo "2354"]
[BlackElo "2558"]
[PlyCount "36"]
[EventDate "2008.10.23"]
[EventCountry "ESP"]
[Source "lmi"]
[SourceDate "2008.10.20"]

1. d4 d6 2. c4 f5 3. g3 Nf6 4. Bg2 g6 5. Nf3 Bg7 6. O-O O-O 7. Nc3 Qe8 8. d5
Na6 9. Nd4 Bd7 10. Rb1 c6 11. b3 Rc8 12. Bb2 Nc7 13. Qd2 c5 14. Nc2 a6 15. a4
b5 16. axb5 axb5 17. cxb5 Nxb5 18. Nxb5 Bxb5 1/2-1/2

[Event "Masters de Can Picafort 2008"]
[Site "Can Picafort ESP"]
[Date "2008.10.24"]
[Round "7.3"]
[White "Galego, Luis"]
[Black "Moskalenko, Viktor"]
[Result "1/2-1/2"]
[WhiteElo "2484"]
[BlackElo "2568"]
[PlyCount "40"]
[EventDate "2008.10.23"]
[EventCountry "ESP"]
[Source "lmi"]
[SourceDate "2008.10.20"]

1. Nf3 Nf6 2. g3 d5 3. Bg2 c6 4. O-O Bg4 5. d3 Nbd7 6. Nbd2 e6 7. b3 Bd6 8. Bb2
O-O 9. c4 Qe7 10. h3 Bxf3 11. Nxf3 Ba3 12. Qc1 Bxb2 13. Qxb2 a5 14. Rac1 e5 15.
cxd5 Nxd5 16. Nd2 N7f6 17. a3 Rfe8 18. Kh2 Nc7 19. Nc4 Nb5 20. Rfd1 Nd6 1/2-1/2

[Event "Masters de Can Picafort 2008"]
[Site "Can Picafort ESP"]
[Date "2008.10.25"]
[Round "8.2"]
[White "Moskalenko, Viktor"]
[Black "Mascaro March, Pedro"]
[Result "1/2-1/2"]
[WhiteElo "2568"]
[BlackElo "2354"]
[PlyCount "115"]
[EventDate "2008.10.23"]
[EventCountry "ESP"]
[Source "lmi"]
[SourceDate "2008.10.20"]

1. d4 Nf6 2. c4 e6 3. Nc3 d5 4. cxd5 exd5 5. Bg5 Be7 6. e3 c6 7. Qc2 Nbd7 8.
Bd3 O-O 9. Nge2 Re8 10. O-O Nf8 11. f3 Be6 12. Rae1 Nh5 13. Bxe7 Qxe7 14. Ng3
Nxg3 15. hxg3 c5 16. dxc5 Qxc5 17. Nb5 Qe7 18. Qc7 a6 19. Qxe7 Rxe7 20. Nd4 Rc7
21. Rc1 Rac8 22. Rxc7 Rxc7 23. Kf2 Nd7 24. Ke2 h6 25. g4 Kf8 26. Kd2 Ke7 27.
Be2 Kd6 28. Rh1 Ne5 29. b3 Nc6 30. Nc2 Ne5 31. Rh5 Nc6 32. Bd3 f6 33. Rh1 Bd7
34. Rd1 Be6 35. Rb1 Bd7 36. Rb2 Be8 37. Bf5 Bd7 38. Bxd7 Kxd7 39. Rb1 Kd6 40.
Rh1 Ke6 41. Re1 Kd6 42. Re2 Ke5 43. Kd1 Kd6 44. Rd2 Ke6 45. Nd4+ Nxd4 46. Rxd4
Rc8 47. Kd2 Rc5 48. Rd3 Kd6 49. Rc3 b6 50. Kd3 a5 51. a3 Kc6 52. Kd4 Kd6 53. f4
g6 54. Kd3 f5 55. gxf5 gxf5 56. g3 Rxc3+ 57. Kxc3 Kc5 58. Kd3 1/2-1/2

[Event "Masters de Can Picafort 2008"]
[Site "Can Picafort ESP"]
[Date "2008.10.25"]
[Round "8.3"]
[White "Movsziszian, Karen"]
[Black "Pena Gomez, Manuel"]
[Result "1/2-1/2"]
[WhiteElo "2558"]
[BlackElo "2467"]
[PlyCount "105"]
[EventDate "2008.10.23"]
[EventCountry "ESP"]
[Source "lmi"]
[SourceDate "2008.10.20"]

1. g3 c5 2. Bg2 Nc6 3. d3 g6 4. f4 Bg7 5. Nf3 d6 6. O-O e6 7. e4 Nge7 8. c3 O-O
9. Be3 b6 10. Na3 Ba6 11. Re1 Rc8 12. Nc2 Bb7 13. Qe2 b5 14. d4 b4 15. dxc5
dxc5 16. Bxc5 bxc3 17. b4 Qc7 18. e5 Rfd8 19. a3 Nd5 20. Ng5 a5 21. Ne4 axb4
22. axb4 Ncxb4 23. Nxb4 Nxb4 24. Bxb4 Qb6+ 25. Qe3 Qxb4 26. Reb1 c2 27. Rxb4
Rd1+ 28. Qe1 Rxe1+ 29. Rxe1 c1=Q 30. Rxc1 Rxc1+ 31. Kf2 Rc2+ 32. Ke3 Bxe4 33.
Bxe4 Rxh2 34. Rb7 g5 35. Rb8+ Bf8 36. f5 exf5 37. Bxf5 h5 38. e6 fxe6 39. Bxe6+
Kg7 40. Rb7+ Kg6 41. Bf7+ Kf6 42. Be8 Bc5+ 43. Kd3 Rh3 44. Ke4 Rxg3 45. Bxh5
Re3+ 46. Kd5 Re5+ 47. Kc4 Be3 48. Kd3 Bf4 49. Bg4 Re3+ 50. Kd4 Rg3 51. Rb6+ Ke7
52. Rb7+ Kd6 53. Bf5 1/2-1/2

[Event "Masters de Can Picafort 2008"]
[Site "Can Picafort ESP"]
[Date "2008.10.25"]
[Round "9.1"]
[White "Movsziszian, Karen"]
[Black "Mellado Trivino, Juan"]
[Result "1/2-1/2"]
[WhiteElo "2558"]
[BlackElo "2434"]
[PlyCount "40"]
[EventDate "2008.10.23"]
[EventCountry "ESP"]
[Source "lmi"]
[SourceDate "2008.10.20"]

1. d4 Nf6 2. c4 e6 3. Nf3 b6 4. g3 Bb7 5. Bg2 Be7 6. O-O O-O 7. Nc3 Ne4 8. Nxe4
Bxe4 9. Ne1 Bxg2 10. Nxg2 d5 11. cxd5 exd5 12. Bf4 Nd7 13. Rc1 c5 14. dxc5 Nxc5
15. Be5 Bf6 16. Bxf6 Qxf6 17. Qxd5 Rad8 18. Qc4 Qxb2 19. Rc2 Qd4 20. Qxd4 Rxd4
1/2-1/2

[Event "Masters de Can Picafort 2008"]
[Site "Can Picafort ESP"]
[Date "2008.10.25"]
[Round "9.2"]
[White "Pena Gomez, Manuel"]
[Black "Moskalenko, Viktor"]
[Result "0-1"]
[WhiteElo "2467"]
[BlackElo "2568"]
[PlyCount "126"]
[EventDate "2008.10.23"]
[EventCountry "ESP"]
[Source "lmi"]
[SourceDate "2008.10.20"]

1. e4 e6 2. d4 d5 3. Nc3 Bb4 4. e5 c5 5. a3 Bxc3+ 6. bxc3 Qa5 7. Bd2 Qa4 8. h4
Nc6 9. h5 h6 10. Qg4 Kf8 11. Rh3 Nge7 12. Qf4 Bd7 13. Bd3 c4 14. Bg6 Be8 15.
Rf3 Nd8 16. g4 Kg8 17. Nh3 Nxg6 18. hxg6 Qxc2 19. gxf7+ Nxf7 20. Kf1 Qg6 21.
Kg2 Ba4 22. Rc1 Rc8 23. Qe3 Qxg4+ 24. Rg3 Qe4+ 25. Qxe4 dxe4 26. Nf4 Ng5 27.
Ng6 Nf3 28. Be3 Kf7 29. Nxh8+ Rxh8 30. d5 exd5 31. e6+ Kf6 32. Bxa7 Re8 33. Kf1
Rxe6 34. Ke2 h5 35. Rb1 Bc6 36. Bb6 g5 37. Rh3 h4 38. Rhh1 Kf5 39. Bc5 Re8 40.
Ke3 g4 41. Bd6 Rg8 42. Rb2 Ke6 43. Bc7 Ra8 44. Ra2 Kf5 45. Bd6 Ba4 46. Be7 Re8
47. Bd6 Re6 48. Bc7 Bb3 49. Rb2 Ra6 50. Ra1 b5 51. Rbb1 Rc6 52. Bb8 Rc8 53. Bd6
Ba4 54. Rb2 Rc6 55. Bb8 d4+ 56. cxd4 c3 57. Rb4 c2 58. Rc1 Rc3+ 59. Ke2 Rd3 60.
Rxc2 Bxc2 61. Rxb5+ Ke6 62. Be5 Nxd4+ 63. Bxd4 Bd1+ 0-1

[Event "Masters de Can Picafort 2008"]
[Site "Can Picafort ESP"]
[Date "2008.10.25"]
[Round "9.3"]
[White "Mascaro March, Pedro"]
[Black "Galego, Luis"]
[Result "1/2-1/2"]
[WhiteElo "2354"]
[BlackElo "2484"]
[PlyCount "32"]
[EventDate "2008.10.23"]
[EventCountry "ESP"]
[Source "lmi"]
[SourceDate "2008.10.20"]

1. d4 d6 2. c4 e5 3. Nf3 Nd7 4. Nc3 Ngf6 5. e4 c6 6. Be2 Be7 7. O-O O-O 8. Re1
a6 9. d5 Nc5 10. Bf1 cxd5 11. cxd5 Bg4 12. h3 Bxf3 13. Qxf3 a5 14. g3 Nfd7 15.
h4 a4 16. Be3 Qa5 1/2-1/2

[Event "Masters de Can Picafort 2008"]
[Site "Can Picafort ESP"]
[Date "2008.10.26"]
[Round "10.1"]
[White "Mellado Trivino, Juan"]
[Black "Mascaro March, Pedro"]
[Result "1/2-1/2"]
[WhiteElo "2434"]
[BlackElo "2354"]
[PlyCount "91"]
[EventDate "2008.10.23"]
[EventCountry "ESP"]
[Source "lmi"]
[SourceDate "2008.10.20"]

1. e4 e5 2. Nf3 Nc6 3. d4 exd4 4. Nxd4 Nf6 5. Nc3 Bb4 6. Nxc6 bxc6 7. Bd3 d5 8.
exd5 cxd5 9. O-O O-O 10. Bg5 c6 11. Qf3 Be7 12. Rfe1 Re8 13. h3 Be6 14. Ne2 c5
15. Rad1 Qa5 16. Nf4 c4 17. Bf1 h6 18. Bxf6 Bxf6 19. Nxd5 Bxd5 20. Rxe8+ Rxe8
21. Qxd5 Qxd5 22. Rxd5 Bxb2 23. Bxc4 Re7 24. Rd8+ Kh7 25. g4 Rc7 26. Bd3+ g6
27. Kg2 Kg7 28. Kf3 Ba3 29. Ke4 Bc5 30. f3 Bb6 31. Rd5 Re7+ 32. Re5 Rd7 33. c3
Kf6 34. f4 Bc7 35. Bb5 Rd1 36. g5+ Kg7 37. Rc5 Re1+ 38. Kf3 Bb6 39. Re5 Rxe5
40. gxh6+ Kxh6 41. fxe5 Kg7 42. Ke4 Kf8 43. Kd5 Ke7 44. c4 Bf2 45. c5 Bg3 46.
c6 1/2-1/2

[Event "Masters de Can Picafort 2008"]
[Site "Can Picafort ESP"]
[Date "2008.10.26"]
[Round "10.3"]
[White "Moskalenko, Viktor"]
[Black "Movsziszian, Karen"]
[Result "1/2-1/2"]
[WhiteElo "2568"]
[BlackElo "2558"]
[PlyCount "40"]
[EventDate "2008.10.23"]
[EventCountry "ESP"]
[Source "lmi"]
[SourceDate "2008.10.20"]

1. b3 e5 2. Bb2 d6 3. e3 g6 4. d4 Nd7 5. Nf3 Bg7 6. dxe5 dxe5 7. Nbd2 Ne7 8.
Nc4 Nc6 9. Be2 O-O 10. a4 a5 11. O-O Re8 12. Qd2 e4 13. Nd4 Nxd4 14. Bxd4 Bxd4
15. Qxd4 Nf6 16. Qxd8 Rxd8 17. Rfd1 Rxd1+ 18. Rxd1 Be6 19. Kf1 Kf8 20. Ke1 Ke7
1/2-1/2